Las razas humanas actuales / (Record no. 47259)

MARC details
000 -LEADER
campo de control de longitud fija 00583nam a2200181 i 4500
001 - NÚMERO DE CONTROL
campo de control 47259
003 - IDENTIFICADOR DE NÚMERO DE CONTROL
campo de control ES-MaACL
005 - FECHA Y HORA DE LA ÚLTIMA TRANSACCIÓN
campo de control 20230906161529.0
007 - CAMPO FIJO DE DESCRIPCIÓN FÍSICA--INFORMACIÓN GENERAL
campo de control de longitud fija t|
008 - DATOS DE LONGITUD FIJA--INFORMACIÓN GENERAL
campo de control de longitud fija 030404s1969 sp ||||1| spa d
100 1# - ENTRADA PRINCIPAL--NOMBRE DE PERSONA
Nombre de persona Coon, Carlenton S.
9 (RLIN) 40375
245 14 - MENCIÓN DEL TÍTULO
Título Las razas humanas actuales /
Mención de responsabilidad, etc. Carlenton S. Coon ; con la colaboración de Edward E. Hunt ; lo tradujo M. Arturo Valls.
260 ## - PUBLICACIÓN, DISTRIBUCIÓN, ETC.
Lugar de publicación, distribución, etc. Madrid :
Nombre del editor, distribuidor, etc. Guadarrama,
Fecha de publicación, distribución, etc. [1969]
300 ## - DESCRIPCIÓN FÍSICA
Extensión 555 p., 16 lám. ;
Dimensiones 18 cm.
700 1# - ENTRADA AGREGADA--NOMBRE PERSONAL
Nombre de persona Hunt, Edward E.
9 (RLIN) 64740
700 1# - ENTRADA AGREGADA--NOMBRE PERSONAL
Nombre de persona Valls, Arturo.
9 (RLIN) 112927
852 ## - LOCALIZACIÓN
Ubicación ES-MaACL
Número de control de estantería C-37051
Sublocalización o colección R.69290
Holdings
Estatus retirado Estado de pérdida Estado de daño No para préstamo Biblioteca de origen Biblioteca actual Ubicación en estantería Fecha de adquisición Fuente de adquisición Total de préstamos Signatura topográfica completa Código de barras Visto por última vez Precio de reemplazo Tipo de ítem Koha
        Biblioteca del Ateneo de Madrid Biblioteca del Ateneo de Madrid Depósito 2 17/01/2008     C-37051 1049705 23/02/2023 23/02/2023 Libro impreso